|
|
|
|
| LEADER |
00000nam2a2200000 4500 |
| 001 |
192361 |
| 005 |
20231101224419.0 |
| 010 |
|
|
|a 9785948362649
|
| 035 |
|
|
|a (RuTPU)RU\TPU\book\209757
|
| 035 |
|
|
|a RU\TPU\book\209754
|
| 090 |
|
|
|a 192361
|
| 100 |
|
|
|a 20110224d2010 km y0rusy50 ca
|
| 101 |
1 |
|
|a rus
|c eng
|
| 102 |
|
|
|a RU
|
| 105 |
|
|
|a a g 001zy
|
| 200 |
0 |
|
|a Т. 3
|
| 210 |
|
|
|d 2010
|
| 215 |
|
|
|a 832 с.
|c ил.
|
| 320 |
|
|
|a Библиография в конце глав.
|
| 330 |
|
|
|a Первое издание справочника по нанотехнологиям, выпущенное крупнейшим немецким издательством «Шпрингер» в 2004 году, заявило о себе как об основном источнике информации в области научных знаний о нанотехнологиях. Справочник объединяет сведения по технологиям, механике, материаловедению и надежности. Второе издание увеличилось с 6 до 8 частей, с 38 до 58 глав. Первая часть — введение в наноструктуры и технологии изготовления микро- и наноструктур, включая используемые при этом методы и материалы. Вторая часть справочника посвящена МЭМС/НЭМС и БиоМЭМС/БиоНЭМС приборам. Различные типы сканирующей зондовой микроскопии рассмотрены в третьей части. Четвертая часть посвящена обзору нанотрибологии и наномеханики. Обзор смазок на пленках молекулярной толщины представлен в пятой части справочника. Шестая часть знакомит читателя с некоторыми применениями нанотехнологий в промышленном масштабе, седьмая сфокусирована на надежности микроприборов. И, наконец, последняя посвящена технологической конвергенции, которую несут с собой нанотехнологий, в ней также рассмотрены социальные, этические и политические последствия нанотехнологий. Предметный указатель приведен в конце третьего тома. Книга подготовлена опытным редактором и написана командой из 150 известных международных экспертов. Она адресована инженерам-механикам и инженерам-электрикам, специалистам по материаловедению, медикам и химикам, которые работают в области нано-, или в областях, так или иначе связанных с этой новой важнейшей технологией.
|
| 461 |
|
1 |
|0 (RuTPU)RU\TPU\book\209902
|y 978-5-94836-261-8
|t Справочник Шпрингера по нанотехнологиям
|o пер. с англ.
|o в 3 т.
|f Московский государственный институт электронной техники (Технический университет) (МИЭТ) ; под ред. Б. Бхушана
|v Т. 3
|d 2010
|s Мир материалов и технологий
|
| 606 |
1 |
|
|a Нанотехнология
|2 stltpush
|3 (RuTPU)RU\TPU\subj\51510
|9 70088
|
| 610 |
1 |
|
|a молекулярно толстые пленки
|
| 610 |
1 |
|
|a покрытия
|
| 610 |
1 |
|
|a микромеханические характеристики
|
| 610 |
1 |
|
|a трибологические характеристики
|
| 610 |
1 |
|
|a граничная смазка
|
| 610 |
1 |
|
|a наномасштаб
|
| 610 |
1 |
|
|a наносмазка
|
| 610 |
1 |
|
|a данные
|
| 610 |
1 |
|
|a хранение
|
| 610 |
1 |
|
|a атомно-силовая микроскопия
|
| 610 |
1 |
|
|a микроактюаторы
|
| 610 |
1 |
|
|a наноробототехника
|
| 610 |
1 |
|
|a нанотрибология
|
| 610 |
1 |
|
|a наноразмерные устройства
|
| 610 |
1 |
|
|a микроразмерные устройства
|
| 610 |
1 |
|
|a характеристики
|
| 610 |
1 |
|
|a получение
|
| 610 |
1 |
|
|a экспериментальные методы
|
| 610 |
1 |
|
|a МЭМС-устройства
|
| 610 |
1 |
|
|a НЭМС-устройства
|
| 610 |
1 |
|
|a тонкопленочные микроструктуры
|
| 610 |
1 |
|
|a тонкопленочные наносистемы
|
| 610 |
1 |
|
|a термомеханика
|
| 610 |
1 |
|
|a электромеханика
|
| 610 |
1 |
|
|a производство
|
| 610 |
1 |
|
|a надежность
|
| 610 |
1 |
|
|a корпусирование
|
| 610 |
1 |
|
|a нанотехнологии
|
| 610 |
1 |
|
|a регулирование
|
| 610 |
1 |
|
|a влияние на организм
|
| 610 |
1 |
|
|a справочники
|
| 675 |
|
|
|a 620.3(035)
|v 3
|
| 801 |
|
1 |
|a RU
|b 63413507
|c 20090116
|g PSBO
|
| 801 |
|
2 |
|a RU
|b 63413507
|c 20150602
|g RCR
|
| 942 |
|
|
|c BK
|
| 959 |
|
|
|a 8/20090116
|d 2
|e 0
|f АНЛ:1
|f ЧЗТЛ:1
|
| 959 |
|
|
|a 110/20091026
|d 2
|e 0
|f АНЛ:1
|f ЧЗТЛ:1
|
| 959 |
|
|
|a 75/20101101
|d 5
|e 0
|f АНЛ:1
|f ЧЗТЛ:1
|f УФ:3
|